Länder um ein Wort - Statistiken

Allgemein
  • Dieses Quiz wurde 155 mal gespielt
  • Das Durchschnittsergebnis liegt bei 12 aus 14
Antwortstatistiken
Wort Land % Korrekt
Sushi Japan
99%
Pizza Italien
98%
Pyramiden Ägypten
96%
Känguru Australien
96%
Taco Mexiko
96%
Messi Argentinien
94%
Napoleon Frankreich
94%
Mozart Österreich
88%
Fjorde Norwegen
86%
Grönland Dänemark
83%
Amazonas Brasilien
82%
Taekwondo Südkorea
69%
Kiwi Neuseeland
68%
Bali Indonesien
64%
Keine übereinstimmenden Quizze gefunden
Verteilung der Resultate
Anzahl Personen mit jedem Resultat
Perzentil nach korrekt beantworteten Fragen
Ihre Resultats-Entwicklung
Sie haben dieses Quiz noch nicht gespielt